Normal view
MARC view
- Rough, Frank A
Entry Personal Name
001 - CONTROL NUMBER
- control field: 45189
003 - CONTROL NUMBER IDENTIFIER
- control field: NUST
005 - DATE AND TIME OF LATEST TRANSACTION
- control field: 20210314133159.0
008 - FIXED-LENGTH DATA ELEMENTS
- fixed length control field: 210314|| aca||aabn | a|a d
040 ## - CATALOGING SOURCE
- Original cataloging agency: NUST
- Transcribing agency: NUST
100 ## - HEADING--PERSONAL NAME
- Personal name: Rough, Frank A
670 ## - SOURCE DATA FOUND
- Source citation: Work cat.: (NUST): Rough, Frank A., Constitutional diagrams of uranium and thorium alloys, [1958]
